00851nam a22002417a 450000500170000001000130001702000100003003500130004003700160005304000120006908200130008110000230009424500440011726000480016127000490020930000200025850000510027865000470032965000480037694200220042499900190044695201440046520170124110021.0 aA-408603 c30.00 aA-408603 bCen Lib/Ret aDPLbEN a334bSHA aSharada, V.919863 aTheory of co-operation /cby V. Sharada aBombay bHimalaya {ublishing Company c1986 aDr. bhelaroa marg, girganbNew Delhie400004 a220p.c21cm(Hb) aincludes bibliographical references and index  aEconomic development zRural India 919864 aCooperation & community development 919865 2ddccENh334mSHA c127232d127232 04104070aLbLd2015-06-29eCen Lib/Retg30.00l0o334 SHApA-408603r2015-06-29 00:00:00t1v30.00w2015-06-29yENzW/d list no. 6819/25